000 00768nam a2200265Ia 4500
003 OSt
005 20220918203737.0
006 a|||||r|||| 00| 0
007 ta
008 220917b |||||||| |||| 00| 0 eng d
024 _a109,656
037 _cTextual
040 _aARTS
_cARTS
_beng
041 _2eng
_aeng
082 _aV4653.M70<-L50, N0
100 _aMalino Frances Ed
_9109644
245 0 _aFrom East and West
_b Jews in a changing Europe1750-1870
260 _aOxford
_bBasil Blackwell
_c1990
300 _axi, 336p.
_ccm.
500 _aIncludes Index
650 _aHISTORY
700 _a Sorkin David Ed.
_9109645
942 _hV4653.M70<-L50, N0
_cTEXL
_2CC
999 _c233006
_d233006